Faces on TIME (1920s & 30s) Quiz Stats

 Plays Quiz Updated Oct 29, 2012

Challenge
Share
Tweet
Score 0/40 Timer 10:00
0 Plays Today
Famous Face % Correct
Charlie Chaplin
95.2%
Joseph Stalin
89.3%
Winston Churchill
87.1%
Eleanor Roosevelt
78%
Mahatma Gandhi
74.5%
Clark Gable
65.4%
Al Capone
61.7%
Woodrow Wilson
45.3%
The Marx Brothers
44.2%
Charles A. Lindbergh Jr.
43.2%
Herbert Hoover
40.5%
Bette Davis
39.5%
Calvin Coolidge
37.9%
Salvador Dalí
35.8%
Vivien Leigh
34.2%
William Howard Taft
31.1%
Ernest Miller Hemingway
29.4%
Warren G. Harding
25.2%
Thomas A. Edison
24.7%
Pope Pius XI
24.6%
Famous Face % Correct
Marlene Dietrich
23.8%
Knute Rockne
21.6%
Princess Elizabeth
21.2%
Dionne Quintuplets
18.6%
Henry Ford
18.5%
Pablo Picasso
18.1%
Ginger Rogers
15.1%
Emperor Hirohito
14.2%
Jack Dempsey
11.6%
King of Hearts and Alice
11.3%
Virginia Woolf
11.3%
James Joyce
11%
Irving Berlin
10.8%
Orville Wright
10.1%
Sonja Henie
8.8%
Dizzy Dean
8.2%
William Faulkner
8%
Rogers Hornsby
7.2%
George Orson Welles
6.9%
Walter Winchell
6.7%

You're not logged in!

Compare scores with friends on all Sporcle quizzes.
Join for Free
OR
Log In

You Might Also Like...

Show Comments

Extras

Top Quizzes Today


Score Distribution

Your Account Isn't Verified!

In order to create a playlist on Sporcle, you need to verify the email address you used during registration. Go to your Sporcle Settings to finish the process.

Report this User

Report this user for behavior that violates our Community Guidelines.

Details: